|
|
|
|
| LEADER |
00886nam a2200241 a 4500 |
| 001 |
4050554 |
| 008 |
100301r20021998enka b 001 0 eng d |
| 010 |
|
|
|a 99171240
|
| 020 |
|
|
|a 0714842036
|
| 020 |
|
|
|a 0714837431
|
| 040 |
|
|
|a VA@
|c VA@
|d MEY
|d DLC
|d DB-DhAAL
|
| 082 |
0 |
0 |
|a 720
|2 21
|
| 100 |
1 |
|
|a Pearman, Hugh.
|
| 245 |
1 |
0 |
|a Contemporary world architecture /
|c told by Hugh Pearman.
|
| 260 |
|
|
|a London :
|b Phaidon,
|c c1998.[reprinted 2002]
|
| 300 |
|
|
|a 511 p. :
|b ill. (some col.) ;
|c 30 cm.
|
| 504 |
|
|
|a Includes bibliographical references (p. 488-495) and index.
|
| 541 |
1 |
|
|e 00008489
|
| 650 |
|
0 |
|a Architecture, Modern
|y 20th century.
|
| 852 |
4 |
|
|a Ayesha Abed Library
|j General Shelf.
|
| 942 |
0 |
0 |
|0 1
|
| 999 |
|
|
|c 7679
|d 7679
|
| 952 |
|
|
|0 0
|1 0
|2 ddc
|4 0
|6 720_PEA_200200000000000
|7 0
|9 8411
|a BRACUL
|b BRACUL
|c GEN
|d 2010-03-01
|l 4
|m 16
|o 720 PEA
|p 3010008489
|r 2015-09-15
|s 2015-09-08
|t 1
|w 2010-03-01
|y BK
|